Screen Actors Guild Award for Outstanding Performance by a Female Actor in a Comedy Series - Statistics

General Stats
  • This quiz has been taken 9 times
  • The average score is 9 of 23
Answer Stats
Year Actress % Correct
2012 Tina Fey
75%
2009 Tina Fey
75%
2008 Tina Fey
75%
2007 Tina Fey
75%
1994 Helen Hunt
50%
2016 Julia Louis-Dreyfus
50%
2013 Julia Louis-Dreyfus
50%
1997 Julia Louis-Dreyfus
50%
1996 Julia Louis-Dreyfus
50%
2000 Sarah Jessica Parker
50%
2006 America Ferrera
38%
2005 Felicity Huffman
38%
2011 Betty White
25%
2010 Betty White
25%
1999 Lisa Kudrow
25%
2003 Megan Mullally
25%
2002 Megan Mullally
25%
2001 Megan Mullally
25%
2004 Teri Hatcher
25%
1995 Christine Baranski
13%
1998 Tracey Ullman
13%
2015 Uzo Aduba
13%
2014 Uzo Aduba
13%
No matching quizzes found
Score Distribution
Percent of People with Each Score
Percentile by Number Answered
Your Score History
You have not taken this quiz